000 00919nam a2200265 i 4500
001 bg
100 1 _aGERSDORF, Małgorzata
245 1 0 _aKodeks pracy :
_bkomentarz /
_cMałgorzata Gersdorf, Krzysztof Rączka, Jacek Skoczyński ; pod red. Zbigniewa Salwy.
250 _aWyd. 5, stan prawny na dzień 1 lutego 2003 r.
260 _aWarszawa :
_bWydaw. Prawnicze "LexisNexis",
_c2003.
300 _a874, [1] s. ;
_c25 cm.
504 _aBibliogr.
650 9 _aPrawo pracy
_zPolska
_ystan na 2003 r.
700 1 _aRĄCZKA, Krzysztof
700 1 _aSKOCZYŃSKI, Jacek
_d(1957- )
700 1 _aSALWA, Zbigniew
_d(1926- ).
_eRed.
020 _a8373341730
040 _cBPK
041 0 _apol
080 _a349.2(438)(094.4.07)
920 _a83-7334-173-0
942 _cKS
008 s pl f |000 0 pol
999 _c42597
_d42597
856 _uhttp://koha.tu.koszalin.pl/cgi-bin/koha/opac-detail.pl?biblionumber=42597
_yKatalog online BPK